Procesný manažment ako nástroj zvyšovania výkonnosti organizácie

Procesný manažment a jeho vzťah ku ekonomickým výsledkom organizácie. Aplikácia procesného manažmentu vo vybranom nábytkárskom podniku na Slovensku.

Gespeichert in:
Bibliographische Detailangaben
1. Verfasser: Gejdoš, Pavol
Format: Buchkapitel
Sprache:Slowakisch
Schlagworte:
Tags: Tag hinzufügen
Keine Tags, Fügen Sie das erste Tag hinzu!

MARC

LEADER 00000nla$a2200000$$$4500
001 0115148
005 20220321080954.1
041 0 |a slo 
044 |a SK 
245 1 0 |a Procesný manažment ako nástroj zvyšovania výkonnosti organizácie  |c Pavol Gejdoš 
520 |a Procesný manažment a jeho vzťah ku ekonomickým výsledkom organizácie. Aplikácia procesného manažmentu vo vybranom nábytkárskom podniku na Slovensku. 
610 2 0 |a riadenie procesné 
610 2 0 |a podnik 
610 2 0 |a výsledok hospodársky 
610 2 0 |a priemysel nábytkársky 
610 2 0 |a Slovensko 
100 1 |a Gejdoš, Pavol